The law on transfer and business taxation : (Record no. 17075)
[ view plain ]
| 000 -LEADER | |
|---|---|
| fixed length control field | 01193cam a22003734a 4500 |
| 001 - CONTROL NUMBER | |
| control field | 15966683 |
| 003 - CONTROL NUMBER IDENTIFIER | |
| control field | OSt |
| 005 - DATE AND TIME OF LATEST TRANSACTION | |
| control field | 20140310182859.0 |
| 008 - FIXED-LENGTH DATA ELEMENTS--GENERAL INFORMATION | |
| fixed length control field | 091029s2009 ph 001 0 eng |
| 010 ## - LIBRARY OF CONGRESS CONTROL NUMBER | |
| LC control number | 2009516473 |
| 020 ## - INTERNATIONAL STANDARD BOOK NUMBER | |
| International Standard Book Number | 9789712344909 |
| 040 ## - CATALOGING SOURCE | |
| Original cataloging agency | DLC |
| Transcribing agency | DLC |
| 042 ## - AUTHENTICATION CODE | |
| Authentication code | lcode |
| 043 ## - GEOGRAPHIC AREA CODE | |
| Geographic area code | a-ph--- |
| 050 00 - LIBRARY OF CONGRESS CALL NUMBER | |
| Classification number | KPM 3110 |
| Item number | .D4 2009 |
| 100 1# - MAIN ENTRY--PERSONAL NAME | |
| Personal name | De Leon, Hector S. |
| 245 14 - TITLE STATEMENT | |
| Title | The law on transfer and business taxation : |
| Remainder of title | with illustrations, problems, and solutions / |
| Statement of responsibility, etc | by Hector S. De Leon and Hector M. De Leon, Jr. |
| 250 ## - EDITION STATEMENT | |
| Edition statement | 2009 ed. |
| 260 ## - PUBLICATION, DISTRIBUTION, ETC. (IMPRINT) | |
| Place of publication, distribution, etc | Manila, Philippines : |
| Name of publisher, distributor, etc | Rex Book Store, |
| Date of publication, distribution, etc | 2009. |
| 300 ## - PHYSICAL DESCRIPTION | |
| Extent | xxxii, 668 p. : |
| Dimensions | 23 cm. |
| 500 ## - GENERAL NOTE | |
| General note | Includes index. |
| 521 ## - TARGET AUDIENCE NOTE | |
| Target audience note | |
| 562 ## - COPY AND VERSION IDENTIFICATION NOTE | |
| Number of copies | for circulation : 3 copies available in the collection |
| 650 #0 - SUBJECT ADDED ENTRY--TOPICAL TERM | |
| Topical term or geographic name as entry element | Inheritance and transfer tax |
| General subdivision | Law and legislation |
| Geographic subdivision | Philippines. |
| 650 #0 - SUBJECT ADDED ENTRY--TOPICAL TERM | |
| Topical term or geographic name as entry element | Business enterprises |
| General subdivision | Taxation |
| -- | Law and legislation |
| Geographic subdivision | Philippines. |
| 700 1# - ADDED ENTRY--PERSONAL NAME | |
| Personal name | De Leon, Hector M. |
| 906 ## - LOCAL DATA ELEMENT F, LDF (RLIN) | |
| a | 7 |
| b | cbc |
| c | origode |
| d | 2 |
| e | ncip |
| f | 20 |
| g | y-gencatlg |
| 942 ## - ADDED ENTRY ELEMENTS (KOHA) | |
| Source of classification or shelving scheme | Library of Congress Classification |
| Koha item type | Books |
| Call number prefix | Local |
| Withdrawn status | Lost status | Source of classification or shelving scheme | Damaged status | Home library | Current library | Shelving location | Date acquired | Source of acquisition | Total Checkouts | Total Renewals | Full call number | Barcode | Date last seen | Date checked out | Copy number | Price effective from | Koha item type |
|---|---|---|---|---|---|---|---|---|---|---|---|---|---|---|---|---|---|
| Library of Congress Classification | Archives | Archives | 03/19/2013 | Donation | 4 | 23 | KPM 3110 .D4 2011 | C16633 | 06/07/2018 | 06/05/2018 | 1 | 10/18/2013 | Books | ||||
| Library of Congress Classification | College Library | College Library | Filipiniana Section | 12/05/2013 | Library Fund | KPM 3110 .D4 2009 | C12680 | 05/08/2018 | 2 | 12/05/2013 | Books | ||||||
| Library of Congress Classification | College Library | College Library | Filipiniana Section | 12/05/2013 | Library Fund | 1 | 4 | KPM 3110 .D4 2009 | C12689 | 05/08/2018 | 09/24/2015 | 3 | 12/05/2013 | Books | |||
| Library of Congress Classification | College Library | College Library | General Circulation Section | 12/05/2013 | 1 | 18 | KPM 3110 .D4 2009 | C12702 | 05/15/2018 | 11/10/2014 | 4 | 12/05/2013 | Books |